| 000 | 01259cam a2200253 i 4500 | ||
|---|---|---|---|
| 999 |
_c7791 _d7791 |
||
| 003 | OSt | ||
| 005 | 20200521125115.0 | ||
| 008 | 180716s2019 enka b 001 0 eng | ||
| 020 | _a9781138065819 (pb : alk. paper) | ||
| 082 | 0 | 0 |
_a720.103TRO _223 |
| 245 | 0 | 0 |
_aArchitecture and resilience : _binterdisciplinary dialogues / _cedited by Kim Trogal, Irena Bauman, Ranald Lawrence and Doina Petrescu. |
| 246 | 3 | 4 | _aArchitecture & resilience |
| 300 |
_axix, 280 pages : _billustrations ; _c25 cm |
||
| 504 | _aIncludes bibliographical references and index. | ||
| 505 | 2 | _aIntroduction : architecture and resilience on a human scale / Kim Trogal, Irena Bauman, Ranald Lawrence and Doina Petrescu -- Collective documenting of extreme urban transformations : evidence of urban resilience during the war in Sarajevo (1992-1996) / Armina Pilav -- Learning from New Orleans : social resilience for urban ecosystems / Marchella Del Signore and Cordula Roser Gray. | |
| 650 | 0 | _aArchitecture and climate. | |
| 650 | 0 | _aSustainable architecture. | |
| 650 | 0 | _aArchitecture and society. | |
| 700 | 1 |
_aTrogal, Kim, _eeditor. |
|
| 700 | 1 |
_aBauman, Irena, _d1956- _eeditor. |
|
| 700 | 1 |
_aLawrence, Ranald, _eeditor. |
|
| 700 | 1 |
_aPetrescu, Doina, _eeditor. |
|
| 942 | _2ddc | ||